Je řízení věda? 2. Teorie chaosu.
Rôzne poňatie vedy v USA a v Európe. Prívlastok vedecký dodáva riadeniu na vážnosti a vedecký argument. Teória chaosu skúma systémy v ich meniacom sa pohybe. Manažéri v prostredí chaosu. Podnety teórie chaosu pre riadenie.
Salvato in:
| Autore principale: | |
|---|---|
| Natura: | Capitolo di libro |
| Lingua: | ceco |
| Soggetti: | |
| Tags: |
Nessun Tag, puoi essere il primo ad aggiungerne!!
|
MARC
| LEADER | 00000naa a2200000 4500 | ||
|---|---|---|---|
| 001 | r013174 | ||
| 005 | 20221213082432.6 | ||
| 041 | 0 | |a cze | |
| 044 | |a CZ | ||
| 245 | 1 | 0 | |a Je řízení věda? 2. |b Teorie chaosu. |c J. Jirásek |
| 520 | |a Rôzne poňatie vedy v USA a v Európe. Prívlastok vedecký dodáva riadeniu na vážnosti a vedecký argument. Teória chaosu skúma systémy v ich meniacom sa pohybe. Manažéri v prostredí chaosu. Podnety teórie chaosu pre riadenie. | ||
| 610 | 2 | 0 | |a riadenie vedecké |
| 610 | 2 | 0 | |a teória chaosu |
| 610 | 2 | 0 | |a taylorizmus |
| 610 | 2 | 0 | |a USA |
| 610 | 2 | 0 | |a Európa |
| 610 | 2 | 0 | |a manažéri |
| 610 | 2 | 0 | |a manažment |
| 610 | 2 | 0 | |a rozhodovanie |
| 100 | 1 | |a Jirásek, J. | |